00830cam a22002651 4500001001300000003000400013005001700017008004100034010002300075025001800098040001800116043001200134050001300146082001200159100003300171245004800204260005000252300003700302490005400339500005100393504002900444651001900473830005500492999001700547sa 63001043 DLC20260227111925.0800915m19629999pk abc b 00010 eng  asa 63001043 //r965 aPL480:P-E-221 aDLCcDLCdDLC aa------00aDS3b.R300a9502191 aRashid, Khwaja Abdul,d1912-10aHistorical dissertations,cby K. A. Rashid. aKarachi,bPakistan Historical Soceity,c1962- av.billus., maps, ports.c25 cm.1 aPakistan Historical Society. Publication,vno. 30 aVol. 2 has imprint: Progressive Books, Lahore. aIncludes bibliographies. 0aAsiaxHistory. 0aPakistan Historical Society publication ;vno. 30. c53787d53787